Physical, Chemical and Serological Properties of C-type Virus Associated with Transplantable Rat Thurzo-Svec Leukemia

Bibliographic Details
Main Authors: Kudryavetz, J. I. (Author), Zavelevich, M. P. (Author), Denisenko, O. I. (Author), Verhatzky, P. P. (Author), Sherban, S. D. (Author), Glookhomanjuk, V. I. (Author), Savtsova, Z. D. (Author)
Format: Article
Language:English

MARC

LEADER 00000nab a2200000ua 4500
001 vtls010827109
003 SK-MaSNL
005 20260303180509.0
008 230222s1977 xo |||||||||||||||||eng|
035 |a (urnnbn)urn:nbn:sk:snk:ar-a06b6u 
035 |a urn:nbn:sk:snk-ab5t0c 
035 |a (uuid)d87ac7cb-51a1-422f-ad7c-7c72be4d4e43 
040 |a SNKBUCL  |b slo  |c SNKBUCL  |e AACR2 
041 0 |a eng 
044 |a xo  |c SK 
100 1 |a Kudryavetz, J. I.  |4 aut  |9 1206322 
245 1 0 |a Physical, Chemical and Serological Properties of C-type Virus Associated with Transplantable Rat Thurzo-Svec Leukemia  |c J. I. Kudryavetz, M. P. Zavelevich, O. I. Denisenko, P. P. Verhatzky, S. D. Sherban, V. I. Glookhomanjuk, Z. D. Savtsova 
700 1 |a Zavelevich, M. P.  |4 aut  |9 1206323 
700 1 |a Denisenko, O. I.  |4 aut  |9 1206324 
700 1 |a Verhatzky, P. P.  |4 aut  |9 1206325 
700 1 |a Sherban, S. D.  |4 aut  |9 1206326 
700 1 |a Glookhomanjuk, V. I.  |4 aut  |9 1206327 
700 1 |a Savtsova, Z. D.  |4 aut  |9 1185687 
773 0 |t Neoplasma : journal of experimental and clinical oncology  |g Roč. 24, č. 2 (1977), s. 233-237 
958 |a OND 
958 |a EUIPO 
958 |a article5 
999 |c 2106590  |d 2108520